书目信息 |
| 题名: |
亚里士多德全集
|
|
| 作者: | 亚里士多德 著 ;苗力田 主编 | |
| 分册: | 第十卷 | |
| 出版信息: | 北京 中国人民大学出版社 1997 |
|
| 页数: | 332页 | |
| 开本: | 20cm | |
| 丛书名: | ||
| 单 册: | ||
| 中图分类: | B502.233 | |
| 科图分类: | ||
| 主题词: | 亚里士多德--哲学 , 亚里士多德 | |
| 电子资源: | ||
| ISBN: | 7-300-02266-9 | |
| 000 | 00757nam0 2200241 45 | |
| 001 | 0197025030 | |
| 005 | 20050527084341.8 | |
| 010 | @a7-300-02266-9@b精装@dCNY27.50 | |
| 100 | @a19970825d1997 kemy0chiy0121 ea | |
| 101 | 1 | @achi@cgre |
| 102 | @aCN@b110000 | |
| 105 | @ay z 001yy | |
| 200 | 10 | @a亚里士多德全集@Aya li shi duo de quan ji@h第十卷@f(古希腊)亚里士多德著@F(Gu Xi La)Ya Li Shi Duo De Zhu@g苗力田主编 |
| 210 | @a北京@c中国人民大学出版社@d1997 | |
| 215 | @a332页@d20cm | |
| 300 | @a哲学社会科学“七五”期间国家重点课题 | |
| 606 | 0 | @a亚里士多德@x哲学 |
| 606 | 0 | @a亚里士多德 |
| 690 | @aB502.233@v3 | |
| 701 | 0 | @a亚里士多德@4著 |
| 702 | 0 | @a苗力田@Amiao li tian@4主编 |
| 801 | 0 | @aCN@bNLC@c19970908 |
| 905 | @f1@b275357@dB502.233@e35:10 | |
| 亚里士多德全集.第十卷/(古希腊)亚里士多德著/苗力田主编.-北京:中国人民大学出版社,1997 |
| 332页;20cm |
| 哲学社会科学“七五”期间国家重点课题 |
| ISBN 7-300-02266-9(精装):CNY27.50 |
| ● |
| 相关链接 |
|
|
|
|
正题名:亚里士多德全集
索取号:B502.233/35:10
 
预约/预借
| 序号 | 登录号 | 条形码 | 馆藏地/架位号 | 状态 | 备注 |
| 1 | 0275357 | 002041230 | 第一样本阅览室/ [索取号:B502.233/35:10] | 在馆 |